[Event "The Asheboro Open X"]
[Site "?"]
[Date "2006.04.03"]
[Round "3"]
[White "Chumachenko"]
[Black "Tiselsky"]
[Result "1-0"]
[WhiteElo "2454"]
[BlackElo "1558"]
[Annotator "Fritz 9 (30s)"]
[PlyCount "77"]
[SourceDate "2006.11.11"]

{E12: Queen's Indian: Unusual White 4th moves, 4 a3, 4 Nc3 Bb7 5 a3 and 4 Nc3
Bb7} 1. d4 Nf6 2. c4 e6 3. Nf3 b6 4. a3 Bb7 5. Nc3 Be7 6. d5 O-O 7. g3 d6 (7...
Na6 8. Bg2 Nc5 9. Nd4 a5 10. O-O Ne8 11. Rb1 Qc8 12. b4 axb4 13. axb4 Na6 14.
Nc6 Bf6 15. Ne4 Kh8 16. Nxf6 Nxf6 17. Bb2 Ng8 18. Qd2 f6 19. Bc3 e5 20. f4 Qe8
21. b5 Nc5 22. Nb4 {Henley,R (2525)-Ivanov,I (2515)/New York 1983/MCD/1/2-1/2})
8. Bg2 e5 9. b4 $146 (9. O-O Bc8 (9... Nbd7 10. Ne1 Ne8 11. e4 g6 12. b4 Ng7
13. Nd3 a6 14. f4 f6 15. f5 g5 16. h4 h6 17. Bf3 Qe8 18. Ra2 Qf7 19. Rh2 Kh7
20. Kg2 Rh8 21. Rfh1 g4 22. Bxg4 Kg8 23. Be3 Rh7 24. Qd2 {
Sarno,S (2395)-Squarci,F (2016)/St Vincent 2004/CBM 098 ext/1-0 (44)}) (9...
Ne8 10. Ne1 f5 11. f4 exf4 12. gxf4 Nd7 13. Nf3 g6 14. Nd4 Ng7 15. b4 Rb8 16.
Ncb5 a6 17. Na7 Bf6 18. Rb1 Bxd4+ 19. Qxd4 Qf6 20. Qd2 Qf7 21. e4 fxe4 22. Bxe4
Nf6 23. Bg2 Rbe8 24. Bb2 {
Tisera,N (2175)-Larrarte,S/Trelew 1995/EXT 97/1/2-1/2 (35)}) 10. Nxe5 dxe5 11.
d6 Bxd6 12. Bxa8 c6 13. b4 Bh3 14. Re1 Qc7 15. b5 Rd8 16. Bg5 Be7 17. Qa4 h6
18. Bxf6 Bxf6 19. bxc6 Be6 20. Nb5 Qc8 21. Bb7 {
1-0 Ewald,P-Hinte,F/Eppingen 1988/GER}) 9... a5 10. Bb2 Nbd7 11. O-O axb4 12.
axb4 Rxa1 13. Qxa1 Qa8 14. Nb5 (14. Nh4 $5 $16) 14... c6 $14 15. dxc6 Bxc6 16.
Na7 Be4 17. b5 {White has a new backward pawn: c4} Nc5 {A sound move} 18. Nc6
Bxc6 19. bxc6 e4 (19... Qb8 $142 $5 $14 {has some apparent merit}) 20. Nd4 $18
Qxa1 $2 (20... Qc8 $142 21. f3 Bd8 $18) 21. Rxa1 (21. Bxa1 $6 Ra8 $18) 21...
Rc8 (21... Re8 22. Bh3 d5 23. c7 dxc4 24. c8=Q Rxc8 25. Bxc8 $18) 22. Ra7 Bf8 (
22... Bd8 {doesn't get the cat off the tree} 23. Bh3 Rb8 24. Nb5 $18) 23. Bh3
Re8 24. c7 Nfd7 (24... d5 {doesn't do any good} 25. Nc6 Bd6 26. c8=Q Rxc8 27.
Bxc8 dxc4 28. Ra8 $18) 25. Nc6 Rc8 26. Bd4 (26. Bxd7 {seems even better} Nxd7
27. Rb7 h5 $18) 26... Ne6 27. Bxe6 fxe6 28. Rb7 e5 29. Be3 Kf7 (29... d5 {
does not help much} 30. Na7 Rxc7 31. Rxc7 $18) 30. Na7 Ra8 (30... Rxc7 {
hardly improves anything} 31. Rxc7 Ke6 32. Nc8 $18) 31. c8=Q Rxc8 32. Nxc8 Ke6
33. Nxb6 Nxb6 34. Bxb6 (34. Rxb6 {might be the shorter path} Kf7 $18) 34... Be7
35. f4 exf3 36. exf3 g5 (36... Bf6 {does not improve anything} 37. h4 $18) 37.
Kf2 h6 (37... h5 {a fruitless try to alter the course of the game} 38. Ke3 $18)
38. Ke3 Kf7 (38... h5 $18 {there is nothing better in the position}) 39. Bd8 (
39. Bd8 Kf6 40. Bxe7+ Ke6 41. Ke4 d5+ 42. cxd5+ Kf7 43. Bxg5+ Ke8 44. Bxh6 Kd8
45. d6 Kc8 46. Rc7+ Kd8 47. Bg5+ Ke8 48. d7+ Kf7 49. Kf5 e4 50. d8=Q#) 1-0

[Event "The Asheboro Open X"]
[Site "?"]
[Date "2006.04.03"]
[Round "2"]
[White "Timmel"]
[Black "Chumachenko"]
[Result "0-1"]
[WhiteElo "2057"]
[BlackElo "2454"]
[Annotator "Fritz 9 (30s)"]
[PlyCount "42"]
[SourceDate "2006.11.11"]

{D94: Grünfeld: 4 Nf3 Bg7 5 e3} 1. c4 Nf6 2. Nc3 d5 3. d4 g6 4. Nf3 Bg7 5. e3
O-O 6. b3 c5 7. Bd3 (7. Bb2 cxd4 8. exd4 Nc6 9. Be2 Bg4 10. O-O dxc4 11. Ne5
Bxe2 12. Nxe2 cxb3 13. Qxb3 Na5 14. Qh3 e6 15. Nf4 Nd5 16. Nxe6 fxe6 17. Qxe6+
Kh8 18. Ba3 Nf4 19. Nf7+ Rxf7 20. Qxf7 Qxd4 21. Rae1 h6 {
Rasmussen,L (2240)-Ristic,N (2415)/Luxembourg 1990/EXT 97/1-0 (44)}) (7. dxc5
dxc4 8. Qxd8 Rxd8 9. Nb5 Nd5 10. Nfd4 a6 11. bxc4 axb5 12. cxd5 Rxd5 13. Bxb5
Rxc5 14. Be2 Nc6 15. Bb2 Nxd4 16. exd4 Rc2 17. Bc1 Bxd4 18. Rb1 Bf5 19. Bd1
Bxf2+ 20. Kf1 Bd3+ 21. Be2 Rxe2 {
Stephensen,M-Kwapinski,L (1895)/Esbjerg 2004/CBM 101 ext/0-1}) 7... Nc6 8. Bb2
$146 (8. h3 cxd4 9. exd4 dxc4 10. Bxc4 e6 11. O-O a6 12. a4 Qc7 13. Ne2 Rd8 14.
Qc2 Nb4 15. Qc3 Nfd5 16. Bxd5 Qxc3 17. Nxc3 Nxd5 18. Nxd5 Rxd5 19. Be3 Bd7 20.
Rac1 Bc6 21. Rfd1 h6 22. Kf1 Rad8 {
Clasen,L-Klein,A/Troisdorf 1999/EXT 2002/1/2-1/2 (36)}) (8. Ne5 cxd4 (8... Nxe5
9. dxe5 dxc4 10. bxc4 Ng4 11. f4 e6 12. Qe2 Nh6 13. Bb2 f6 14. exf6 Bxf6 15.
O-O Bd7 16. Be4 Rb8 17. Rad1 Qe8 18. g4 Bc6 19. Bxc6 Qxc6 20. g5 Bxc3 21. Bxc3
Nf5 22. e4 Nd4 23. Bxd4 {Pust,E-Lorenz,J/Germany 1991/EXT 97-B/1/2-1/2 (37)})
9. Nxc6 bxc6 10. exd4 c5 11. Ne2 cxd4 12. Nxd4 Ng4 13. Bb2 Qa5+ 14. Kf1 e5 15.
Be2 f5 16. Nc6 Qc5 17. Qxd5+ Qxd5 18. cxd5 e4 19. Bxg7 Kxg7 20. Bxg4 fxg4 21.
Ke2 Ba6+ 22. Ke3 Rf5 {
Perez Mas,J-Picornell Morant,J/Aragon 1997/EXT 2003/1-0 (55)}) (8. dxc5 $2 {
would be great except for} Ne4 {Theme: Clearance for g7-a1} 9. Bxe4 Bxc3+ (9...
dxe4 $6 10. Nd4 $17) 10. Bd2 Bxd2+ (10... dxe4 $143 11. Bxc3 exf3 12. Qxf3 $19)
(10... Bxa1 $6 11. cxd5 f5 12. Bc2 $17) 11. Nxd2 dxe4 12. Nxe4 Bf5 13. Qxd8
Rfxd8 $19 (13... Nxd8 $6 14. Nc3 $19)) 8... Bg4 9. dxc5 Ne4 {
Black threatens to win material: Ne4xc3. Clearance to allow g7-b2} 10. Qc1 $2 (
10. Nxe4 {Exploits the pin} Bxb2) 10... Nb4 11. Be2 Nxc5 12. O-O Nbd3 (12...
Ncd3 13. Qb1 Nxb2 14. Qxb2 Bxf3 15. Bxf3 $19) 13. Qc2 $17 Nxb2 14. Qxb2 Bxf3
15. gxf3 $2 (15. Bxf3 $142 dxc4 16. Rad1 $17) 15... d4 $19 16. exd4 Qxd4 17.
Rac1 $2 (17. Qa3 Rac8 18. Nd5 $19) 17... Qf4 18. Kg2 Rad8 (18... Be5 {
makes it even easier for Black} 19. Rh1 Rad8 20. Qa3 $19) 19. Qa3 (19. Rg1 {
doesn't change the outcome of the game} Nd3 20. Bxd3 Rxd3 $19) 19... Be5 (19...
Nd3 $5 {and Black can already relax} 20. Rcd1 Be5 21. Rh1 Qg5+ 22. Kf1 $19) 20.
Rh1 Nd3 21. Rc2 (21. h4 {praying for a miracle} Bd6 22. c5 Bxc5 23. Qa4 $19)
21... Ne1+ $3 {A double attack} (21... Ne1+ 22. Kf1 Nxc2 $19) 0-1

[Event "The Asheboro Open X"]
[Site "?"]
[Date "2006.03.04"]
[Round "3"]
[White "McCartney, Patrick"]
[Black "Timmel, John"]
[Result "1/2-1/2"]
[WhiteElo "1973"]
[BlackElo "2058"]
[Annotator "Fritz 9 (30s)"]
[PlyCount "82"]
[EventDate "2006.??.??"]
[SourceDate "2006.11.11"]

{A02: Bird's Opening} 1. f4 c5 2. Nf3 Nc6 3. e3 g6 4. d4 cxd4 5. exd4 d5 6. c3
Bg7 (6... Bg4 7. Bd3 Bxf3 8. Qxf3 e6 9. O-O h5 10. f5 gxf5 11. Bxf5 exf5 12.
Qxf5 Qd7 13. Re1+ Be7 14. Qf3 O-O-O 15. Bf4 Nf6 16. Nd2 Rhg8 17. b4 Bd6 18. Rf1
Qg4 19. Qxg4+ hxg4 20. Bxd6 Rxd6 21. Rae1 {
Bergmann,J-Madl,I (2435)/Recklinghausen 1999/EXT 2000/0-1}) 7. Bd3 Nh6 (7...
Nf6 8. O-O Bg4 9. Nbd2 O-O 10. Qe1 Qd7 11. Ne5 Qe6 12. Qe3 Nxe5 13. fxe5 Nd7
14. h3 Bf5 15. Bxf5 gxf5 16. Nf3 f6 17. exf6 Qxe3+ 18. Bxe3 Rxf6 19. Rae1 e6
20. h4 Bh6 21. Bxh6 Rxh6 22. Ng5 {
Trapp,M (1506)-Hannes,D (1145)/Willingen 2003/CBM 094 ext/1/2-1/2 (58)}) 8. O-O
O-O 9. Na3 $146 (9. Ne5 f6 10. Nxc6 bxc6 11. Nd2 e5 12. fxe5 fxe5 13. Rxf8+
Qxf8 14. Nb3 Nf5 15. dxe5 Bxe5 16. Bxf5 Bxf5 17. Be3 Qd6 18. h3 Re8 19. Qd2
Bh2+ 20. Kh1 Bg3 21. Rf1 Re4 22. Nd4 Bd7 23. Bh6 Re8 {
Janik,K (2210)-Radziewicz,I (2085)/Krynica 1994/EXT 98/1/2-1/2 (51)}) 9... Rb8
10. Nc2 b5 (10... Bf5 11. Be2 $14) 11. Ne5 $16 {
White threatens to win material: Ne5xc6} Qb6 12. Kh1 Nxe5 (12... e6 13. a4 bxa4
14. Rxa4 $14) 13. fxe5 $16 f6 (13... Bg4 14. Qe1 Qe6 15. Bg5 $18) 14. Ne3 (14.
exf6 $5 Rxf6 15. Bf4 $18) 14... fxe5 15. Rxf8+ Bxf8 16. Nxd5 Qd6 {
Black threatens to win material: Qd6xd5} 17. Be4 Ng4 18. Qc2 $4 {
hands over the advantage to the opponent} (18. Qf3 $142 {
and White is still in the game} exd4 19. Bf4 $16) 18... exd4 $17 19. Bf4 e5 20.
Bg3 Be6 21. h3 (21. Qe2 $5 Bxd5 22. Qxg4 dxc3 23. bxc3 Bxe4 24. Qxe4 $17) 21...
Bxd5 $19 22. hxg4 Qc6 $4 {letting the wind out of his own sails} (22... Rc8
$142 $19 {and Black could have gained the advantage}) 23. Qb3 {
White pins: Qb3xd5} Bxb3 {Deflection from c6} 24. Bxc6 Bc4 25. b3 {
White threatens to win material: b3xc4} (25. cxd4 $5 Rb6 26. d5 $11) 25... Rb6
$15 26. bxc4 Rxc6 27. cxb5 Rxc3 28. Bxe5 {Black has a new passed pawn: d4} Bc5
29. Rd1 (29. a4 Kf7 $17) 29... Rc4 $17 30. Rf1 (30. g5 Kf7 $19) 30... Rb4 $19
31. Rd1 Kf7 32. a3 Rc4 33. Re1 Bxa3 34. Kh2 (34. Bf4 $142 $19) 34... Bc1 $4 {
Black lets it slip away} (34... Bb4 $142 {would have given Black the upper hand
} 35. Rd1 Bc5 $19) 35. Bxd4 $11 Bf4+ 36. g3 Bxg3+ {Demolishes the pawn shield}
37. Kxg3 Rxd4 {A rook endgame occured} 38. Ra1 {
The rook intends Re1-a1-a6-c6. White threatens to win material: Ra1xa7} Rd7 39.
Ra6 Rb7 {Black threatens to win material: Rb7xb5} 40. Kh4 h6 41. Rc6 {
A beautiful square!} (41. Ra5 Ke8 $11) 41... Rxb5 $15 1/2-1/2

[Event "The Asheboro Open VIII"]
[Site "?"]
[Date "2006.01.14"]
[Round "2"]
[White "Parrish, Jacob"]
[Black "Timmel, John"]
[Result "0-1"]
[WhiteElo "1896"]
[BlackElo "2055"]
[Annotator "Fritz 9 (30s)"]
[PlyCount "62"]
[EventDate "2005.09.03"]
[SourceDate "2006.11.11"]

{A04: Unusual lines after 1 Nf3 and King's Indian Attack} 1. Nf3 Nf6 2. g3 g6
3. Bg2 Bg7 4. O-O O-O 5. d3 c5 6. Nbd2 Nc6 7. e4 d6 8. a4 Rb8 9. Nc4 b6 10. e5
(10. Re1 Bb7 11. Bd2 h6 12. Qc1 Kh7 13. c3 e5 14. Qc2 Ng8 15. b4 cxb4 16. cxb4
f5 17. b5 Nce7 18. Bb4 Rf6 19. Rac1 Qd7 20. Bxd6 Rxd6 21. Nxd6 Qxd6 22. Qc7
Qxc7 23. Rxc7 a6 24. exf5 Nxf5 {
Sale,S (2381)-Kotsur,P (2600)/Abu Dhabi 2001/EXT 2002/1/2-1/2 (31)}) (10. Nh4
Bb7 11. Ne3 e5 12. c3 a6 13. Qe1 b5 14. f4 exf4 15. gxf4 b4 16. Bd2 a5 17. Kh1
Re8 18. Qf2 Qc7 19. Rg1 Kh8 20. Bf3 Ne7 21. Rg2 c4 22. e5 dxe5 23. fxe5 Qxe5
24. Nxc4 Qc7 {
Lahiri,A (2337)-Karavade,E (2199)/Mumbai 2003/CBM 093 ext/1-0 (45)}) 10... Ng4
11. e6 $146 (11. exd6 exd6 12. Bg5 Qc7 13. c3 (13. Re1 Nge5 14. Nfxe5 dxe5 15.
Qd2 Nd4 16. Be3 Bg4 17. Bxd4 cxd4 18. c3 dxc3 19. bxc3 Rfd8 20. Qc2 Be6 21. Ne3
Rbc8 22. Rac1 Qd6 23. Red1 f5 24. c4 f4 25. Nd5 Bg4 26. Be4 fxg3 27. hxg3 Bxd1
{Meissner,H (2280)-Jakat,T/Rostock 1980/EXT 98/1-0 (51)}) 13... Be6 14. Bf4
Nge5 15. Na3 Bg4 16. Nb5 Qd7 17. d4 cxd4 18. Nbxd4 Nxd4 19. cxd4 Nxf3+ 20. Bxf3
Bxf3 21. Qxf3 Bxd4 22. Rad1 Bxb2 23. Qb3 Bg7 24. Bxd6 Qb7 25. Bxb8 Rxb8 {
Lagrotteria,S (2150)-Caruso,D (2145)/Bratto 1996/EXT 2000/1/2-1/2 (56)}) (11.
exd6 exd6 12. Bf4 Nge5 $11) 11... f5 (11... fxe6 12. Ng5 Nge5 13. Nxe5 Nxe5 14.
Bh3 $11) 12. h3 {White threatens to win material: h3xg4} Nf6 (12... Bxe6 $2 {
leads to nothing} 13. Ng5 Nxf2 14. Rxf2 $18 (14. Kxf2 $143 Bd4+ 15. Ne3 Bd7 $18
)) 13. Ng5 Qe8 14. Bf4 (14. Re1 $142 $14 {and White can hope to survive}) 14...
h6 $17 15. Nf3 Bxe6 16. Re1 Qf7 17. Qd2 (17. Qc1 $142 $5 Bxc4 18. dxc4 $19)
17... Bxc4 $19 18. dxc4 Ne4 19. Rxe4 $2 (19. Qc1 $142 g5 20. Be3 $19) 19...
fxe4 20. Nh4 g5 (20... Qxc4 $6 21. Nxg6 Rf6 22. Re1 $19) 21. Bxd6 (21. Bxe4 {
hardly improves anything} Nd4 (21... gxh4 $6 22. Bxc6 hxg3 23. Bxg3 $19) 22. c3
gxf4 23. cxd4 fxg3 $19) 21... exd6 (21... Rbd8 $142 {
and Black has it in the bag} 22. Nf5 Qxf5 23. Qd5+ Qxd5 24. cxd5 Bxb2 25. Ra2
$19) 22. Bxe4 Ne7 (22... Nb4 $142 {makes it even easier for Black} 23. Nf5 Qe6
24. Re1 Rxf5 25. Bxf5 Qxf5 26. Qxd6 $19) 23. Ng6 d5 (23... Nxg6 24. Bd5 Bd4 25.
Rf1 Qxd5 26. cxd5 Rxf2 27. Rxf2 $19) ({Less advisable is} 23... Bxb2 24. Re1
Be5 25. Nxf8 Rxf8 26. Qe2 $19) 24. Nxe7+ Qxe7 25. Bxd5+ Kh8 26. Re1 (26. c3 {
is not much help} Rbe8 27. Kf1 Qd7 $19) 26... Qd7 27. Re6 (27. Kg2 {
does not win a prize} Qxa4 (27... Bxb2 $6 28. c3 Ba3 29. Ra1 Qxa4 30. h4 $19)
28. Re6 Qd7 $19) 27... Rbe8 28. Rg6 (28. Rxe8 {does not solve anything} Qxe8
29. c3 Qxa4 $19) 28... Qf5 (28... Qxh3 $142 {might be the shorter path} 29.
Rxg7 Kxg7 $19) 29. Rc6 (29. Rxg7 {cannot change destiny} Kxg7 30. a5 bxa5 $19)
29... Qxh3 (29... Bd4 30. Bg2 Bxf2+ 31. Kh1 Re1+ 32. Qxe1 Bxe1 33. Kh2 Bxg3+
34. Kh1 Qxc2 35. Rxh6+ Kg7 36. Rg6+ Kxg6 37. Be4+ Qxe4+ 38. Kg1 Qe2 39. h4 Rf1#
) 30. Bg2 (30. c3 {does not improve anything} Qg4 31. Bg2 Re2 $19) 30... Qf5 (
30... Qh5 31. Rd6 Re2 32. Qd3 Rfxf2 33. Rd8+ Bf8 34. Qf3 Rxf3 35. Re8 Qxe8 36.
c3 Re1+ 37. Bf1 Qe2 38. g4 Rfxf1#) 31. Rc7 (31. a5 {is still a small chance}
Qg4 32. c3 $19) 31... Bd4 (31... Bd4 32. Qd3 Qxf2+ 33. Kh2 Rf5 $19) 0-1

[Event "The Asheboro Open VIII"]
[Site "?"]
[Date "2006.01.14"]
[Round "3"]
[White "Timmel, John"]
[Black "Jodrey, Josh"]
[Result "1/2-1/2"]
[WhiteElo "2055"]
[BlackElo "1729"]
[Annotator "Fritz 9 (30s)"]
[PlyCount "26"]
[EventDate "2005.09.03"]
[SourceDate "2006.11.11"]

{B10: Caro-Kann: 2 d3 and 2 c4} 1. e4 c6 2. d3 d5 3. Nd2 e5 4. g3 Be6 (4... Bd6
5. Bg2 Ne7 6. Ngf3 h6 7. O-O Be6 8. d4 Nd7 9. exd5 Bxd5 10. c4 Be6 11. Qe2 Bg4
12. h3 Bxf3 13. Nxf3 exd4 14. Nxd4 Be5 15. Rd1 Qc7 16. Nf3 O-O-O 17. Rxd7 Qxd7
18. Nxe5 Qd1+ 19. Qxd1 {
Rubzova,T (2309)-Kolmakova,M (2112)/Serpukhov 2003/EXT 2004/1-0 (42)}) 5. Ngf3
(5. Bg2 Nd7 6. Ne2 Bc5 7. O-O Ne7 8. Kh1 Qc7 9. f4 f6 10. c3 O-O-O 11. f5 Bf7
12. b4 Bb6 13. a4 a5 14. Ba3 d4 15. c4 c5 16. bxa5 Bxa5 17. Qc2 Nc6 18. Nb1 Bb4
19. Nc1 Be8 {Wagner,F (1742)-Schmidt,A (1668)/Willingen 2003/CBM 094 ext/1-0})
5... Nd7 6. Bg2 Bc5 $146 (6... f6 7. Nh4 Ne7 8. c4 Nc5 9. Nb3 Nxb3 10. Qxb3 Qb6
11. Qxb6 axb6 12. cxd5 cxd5 13. a3 d4 14. f4 Nc6 15. O-O Nb4 16. fxe5 fxe5 17.
Bd2 Nxd3 18. Nf3 Bd6 19. Ng5 Bc4 20. b4 h6 21. Nf3 {
Brokko Olde,M-Paidla,K (2100)/Tallinn 1997/EXT 2000/0-1 (35)}) 7. O-O f6 {
Consolidates g5} (7... Ngf6 8. exd5 Bxd5 9. Nb3 $11) 8. c3 {
White's piece can't move: c1} (8. exd5 cxd5 9. Nb3 Bb6 $14) 8... Ne7 $11 9. d4
exd4 10. cxd4 Bb6 11. Re1 O-O 12. e5 $2 (12. exd5 $142 $5 {
might be a viable alternative} Bxd5 13. Ne4 $11) 12... fxe5 $17 13. dxe5 (13.
Ng5 Bf5 14. g4 $19) 13... Ng6 $19 1/2-1/2

[Event "The Asheboro Open VIII"]
[Site "?"]
[Date "2006.01.14"]
[Round "1"]
[White "Timmel, John"]
[Black "Lawson, Josh"]
[Result "1-0"]
[WhiteElo "2055"]
[BlackElo "1811"]
[Annotator "Fritz 9 (30s)"]
[PlyCount "95"]
[EventDate "2006.??.??"]
[SourceDate "2006.11.11"]

{D37: Queen's Gambit Declined: 5 Bf4} 1. Nf3 d5 2. d4 Nf6 3. c4 e6 4. Nc3 Nc6
5. Bg5 Be7 6. e3 a6 7. Rc1 dxc4 8. Bxc4 Nd5 9. Bxe7 Ncxe7 10. O-O O-O 11. Qe2
b5 $146 (11... Qd6 12. Ne4 Qd8 13. a3 Nc6 14. Ba2 Nf6 15. Bb1 Qe7 16. Rc5 Nd7
17. Rc3 f5 18. Ned2 Nf6 19. Rfc1 Nd5 20. Rc5 Nd8 21. e4 Nf4 22. Qe3 fxe4 23.
Rxc7 Nd5 24. Qxe4 Qxc7 25. Rxc7 Nxc7 26. Qxh7+ {
Harovelo,I (2261)-Rouze,X (2078)/France 2004/EXT 2005/1-0}) (11... f6 12. Qc2
$16) 12. Bd3 g6 (12... Bb7 $5 $16) 13. Ne4 $18 Nf5 14. Rc5 (14. Nc5 $5 Nd6 $18)
14... Nd6 15. a3 Nb7 (15... Bb7 16. Rfc1 $16) 16. Rc2 $18 Bd7 17. Rfc1 c6 (
17... f6 18. Qd2 $18) 18. Ne5 f5 19. Nd2 Ne7 20. g3 (20. Qf3 {
might be the shorter path} Be8 $18) 20... Rc8 (20... c5 21. Qf3 Rb8 22. dxc5
$18) 21. h4 (21. Nb3 Be8 $18) 21... Be8 $2 (21... c5 22. dxc5 (22. Nxd7 $6 Qxd7
23. Qf3 e5 24. dxe5 Nc6 $11) 22... Nc6 23. Ndf3 $18 (23. Nxd7 $143 Qxd7 24. Rc3
Rcd8 $16)) 22. Ndf3 (22. Nb3 Rb8 $18) 22... h6 23. Ne1 (23. b4 Ra8 $18) 23...
Kg7 (23... c5 $142 $5 24. dxc5 Na5 $16) 24. Qf3 Qd6 25. Bf1 Nd8 26. N1d3 Nd5
27. Nc5 (27. h5 gxh5 28. Qh1 Nf7 $18) 27... Ra8 28. Qe2 g5 {Black prepares f4}
(28... Nf7 29. Ned3 $18) 29. hxg5 hxg5 30. e4 Ne7 31. Qd2 f4 32. Bh3 (32. gxf4
$5 {and White can already relax} gxf4 33. Ng4 Ng6 $18) 32... Ng6 33. Ng4 (33.
Qc3 $5 fxg3 34. fxg3 Nxe5 35. dxe5 Qe7 $18) 33... fxg3 34. e5 gxf2+ 35. Nxf2
Qe7 36. Nfe4 (36. Bg2 Nh4 $18) 36... Nf4 $16 37. Bg4 (37. Rc3 Bg6 38. Rg3 Nb7
$16) 37... Bg6 38. Rc3 Ra7 (38... Nf7 39. Ng3 $14) 39. Nf6 (39. Rf1 Bxe4 40.
Nxe4 Rd7 $16) 39... Rh8 (39... Rxf6 40. exf6+ Qxf6 41. Rg3 $14) 40. Nce4 (40.
Rf3 $5 $16) 40... Bxe4 $14 41. Nxe4 {Black king safety improved} Rh4 {
Black threatens to win material: Rh4xg4} 42. Rg3 {
White has a very active position} Rd7 43. Nf6 {A classical outpost} Rxg4 $4 {
another bit of territory lost} (43... Nf7 $142 44. Nxd7 Qxd7 $14) 44. Rxg4 $18
({Instead of} 44. Nxg4 Rxd4 45. Qe1 Nf7 $17) 44... Rxd4 (44... Kf8 {
there is nothing better in the position} 45. Qh2 Qg7 $18) 45. Rxg5+ Kf7 46. Qh2
Rd1+ (46... Qxf6 {does not solve anything} 47. Qh7+ Ke8 48. exf6 Ng6 49. Rxg6
Nf7 50. Rg8+ Kd7 51. Qxf7+ Kd6 52. Qf8+ Ke5 53. Qc5+ Ke4 54. Re1+ Kf4 55. Qxd4+
Kf5 56. Rf1#) 47. Rxd1 Qc5+ (47... Qa7+ {hardly improves anything} 48. Kh1 Nh3
49. Qxh3 Qg1+ 50. Kxg1 Ke7 51. Rd7+ Kf8 52. Qh6#) 48. Kh1 (48. Kh1 Qg1+ 49.
Rgxg1 Nd5 50. Qh5+ Ke7 51. Qe8#) 1-0

[Event "The Asheboro Open VII"]
[Site "?"]
[Date "2005.12.17"]
[Round "?"]
[White "Alan Patrick"]
[Black "Dave Pecora"]
[Result "1/2-1/2"]
[WhiteElo "2069"]
[BlackElo "2101"]
[Annotator "Fritz 9 (30s)"]
[PlyCount "41"]
[EventDate "12.??.??"]
[SourceDate "2006.11.11"]

{A06: Réti Opening:1 Nf3 d5} 1. Nf3 c5 2. b3 Nf6 3. Bb2 Nc6 4. e3 d5 5. Bb5 Bd7
6. O-O e6 7. d4 (7. c4 Be7 8. cxd5 exd5 9. d4 cxd4 10. Nxd4 O-O 11. Nc3 Qa5 12.
Rc1 Nxd4 13. Bxd7 Nxd7 14. Qxd4 Bf6 15. Qd2 Rfd8 16. Rfd1 Nb6 17. Ne4 Qxd2 18.
Nxf6+ gxf6 19. Rxd2 Rac8 20. Rdc2 Kg7 21. Kf1 Kg6 {
Adamski,J (2405)-Szilagyi,G (2360)/Stary Smokovec 1974/MCD/1-0 (42)}) 7... Bd6
(7... cxd4 8. exd4 Be7 9. Nbd2 O-O 10. a3 Ne4 11. Bd3 f5 12. c4 Bf6 13. cxd5
exd5 14. Ne5 Nxe5 15. dxe5 Bg5 16. Nf3 Be6 17. Nxg5 Qxg5 18. Bc1 f4 19. f3 Qxe5
20. Qe2 Qd4+ 21. Kh1 Nc5 22. Bxh7+ {
Brozhik,V (2140)-Arutiunov,V (2088)/Kiev 2004/CBM 098 ext/0-1 (34)}) 8. Nbd2
$146 (8. c4 a6 9. Bxc6 Bxc6 10. dxc5 Bxc5 11. cxd5 Nxd5 12. Nd4 Qf6 13. Qc2
Bxd4 14. Bxd4 e5 15. Bb2 Qg5 16. g3 Qf6 17. Nd2 Rd8 18. e4 Nb4 19. Qc3 a5 20.
Nc4 Nd3 21. Nxe5 Nxb2 22. Qxb2 Bxe4 {
Garcia Fernandez,M-Soneira Muinos,J/Orense 2000/EXT 2001/0-1 (40)}) (8. dxc5
Bxc5 9. Nbd2 O-O $11) 8... O-O (8... cxd4 9. Bxc6 Bxc6 10. Nxd4 $11) 9. a3 {
Covers b4} (9. dxc5 $5 {is worth looking at} Bxc5 10. c4 $11) 9... Nxd4 $15 10.
Nxd4 cxd4 11. Bxd7 Qxd7 12. exd4 (12. Bxd4 e5 13. Bb2 b5 $15) 12... Qc7 13. g3
b5 14. Rc1 (14. c3 Rfe8 $17) 14... Qa5 (14... Rfc8 15. Nf3 $17) 15. b4 Qc7 16.
Qe2 Rab8 (16... a5 17. c3 Rfb8 18. Rce1 $17) 17. Nb3 Qc4 {
Black threatens to win material: Qc4xe2} (17... Qc6 18. Rce1 $17) 18. Qd3 (18.
Qxc4 bxc4 19. Nc5 Rfe8 $15) 18... Rfe8 (18... Qc6 19. Rce1 $17) 19. Rfd1 (19.
Nc5 Qxd3 20. cxd3 g5 $15) 19... h6 (19... Qc6 20. Qc3 Qb6 21. Re1 $17) 20. f3 {
Consolidates e4+g4} (20. Nc5 Ra8 $15) 20... Rec8 (20... Qc8 21. Nc5 $17) 21.
Kf2 (21. Nc5 $5 $15 {deserves consideration}) 1/2-1/2

[Event "The Asheboro Open VII"]
[Site "?"]
[Date "2005.12.17"]
[Round "?"]
[White "Dave Pecora"]
[Black "Adam Holmes"]
[Result "1-0"]
[WhiteElo "2101"]
[BlackElo "1862"]
[Annotator "Fritz 9 (30s)"]
[PlyCount "73"]
[EventDate "12.??.??"]
[SourceDate "2006.11.11"]

{B10: Caro-Kann: 2 d3 and 2 c4} 1. e4 c6 2. c4 d5 3. cxd5 cxd5 4. exd5 Nf6 5.
d4 Nxd5 6. Nc3 Nc6 7. Nf3 Bg4 8. Be2 e6 9. h3 Bh5 10. O-O Be7 11. Qb3 (11. Ne4
Qb6 12. Be3 O-O 13. Ng3 Bg6 14. h4 Qxb2 15. Bd2 Bc2 16. Qc1 Ba3 17. h5 Rac8 {
0-1 Peteh,U-Krumpak,H (2112)/Ljubljana 2002/CBM 088 ext}) 11... Bxf3 $146 (
11... Nxc3 12. bxc3 Qc7 13. Qb5 Bxf3 14. Bxf3 {
1/2-1/2 Ostojic,P (2410)-Rohde,M (2405)/New York 1979/MCD}) (11... Qb6 12. Qxb6
Nxb6 13. Be3 O-O 14. g4 Bg6 15. Ne5 Nb4 16. Bf3 N4d5 17. Nxd5 Nxd5 18. Bxd5
exd5 19. Rac1 Rac8 20. Nxg6 hxg6 21. Rxc8 Rxc8 22. Rc1 Rxc1+ 23. Bxc1 {
1/2-1/2 Miroshnichenko,E (2270)-Drozdov,I (2450)/Vienna 1995/EXT 98}) (11...
Nb6 12. Be3 O-O 13. Rad1 Nb4 14. a3 N4d5 15. Ne4 Rc8 16. Rc1 Nxe3 17. fxe3 Qd5
18. Ned2 Qxb3 19. Nxb3 Bg6 20. Na5 Nd5 21. Kf2 Rb8 22. b4 Bf6 23. Bc4 Ne7 24.
Ke2 Rfd8 25. Bd3 Bxd3+ 26. Kxd3 {
Bazant,P (2145)-Mitura,V (2270)/Czechia 1997/EXT 99/1/2-1/2 (33)}) (11... Qb6
$5 $11) 12. Bxf3 $14 Nxd4 13. Qa4+ Nc6 14. Nxd5 exd5 15. Rd1 O-O 16. Bxd5 Qc7
17. Bf4 {White threatens to win material: Bf4xc7} Qb6 {
Black threatens to win material: Qb6xb2} 18. Be3 {
White threatens to win material: Be3xb6} Qc7 (18... Bc5 19. Bxc5 Qxc5 20. Rac1
$14) 19. Rac1 $16 Rfc8 (19... Rfd8 20. a3 $16) 20. b3 Bf6 21. Rd2 Qa5 $4 {
another step towards the grave} (21... a6 $142 $5 $16) 22. Qxa5 (22. Rxc6 $142
{makes sure everything is clear} Qxa4 23. Rxc8+ (23. bxa4 $143 bxc6 (23... Rxc6
$143 24. Bxc6 bxc6 25. Rc2 $16) 24. Bf3 Be5 $17) 23... Rxc8 24. bxa4 $18) 22...
Nxa5 23. Rdc2 (23. Rxc8+ Rxc8 24. Bxa7 Rc1+ 25. Kh2 Nc6 $18) 23... Rxc2 24.
Rxc2 Rd8 (24... Nc6 25. Bxc6 bxc6 26. Rxc6 $18) 25. Bf3 Be5 26. Kf1 Nc6 27.
Bxc6 bxc6 28. Bxa7 f6 29. Ke2 (29. a4 Rd3 30. Rxc6 Rxb3 $18) 29... Kf7 (29...
Ra8 30. Be3 Kf7 $18) 30. a4 Rd6 31. Bc5 Rd8 32. a5 Ra8 33. Bb6 Rc8 (33... Bd6
$18) 34. a6 Ke6 35. a7 Kd5 (35... Ra8 {is one last hope} 36. Rxc6+ Kd7 $18) 36.
Rd2+ Ke6 37. Rd8 (37. Rd8 Rxd8 38. Bxd8 $18) 1-0